Torino Best Scorer By Year - Statistics

General Stats
  • This quiz has been taken 272 times
    69 since last reset
  • The average score is 9 of 44
Answer Stats
Player % Correct
Andrea Belotti
95%
Duván Zapata
89%
Che Adams
72%
Ciro Immobile
72%
Antonio Sanabria
61%
Paolino Pulici
56%
Iago Falque
54%
Rolando Bianchi
51%
Francesco Graziani
47%
Fabio Quagliarella
44%
Marco Ferrante
33%
Alessandro Rosina
30%
Aldo Serena
23%
Enzo Scifo
18%
Andrea Silenzi
14%
Luigi Meroni
12%
Carlos Aguilera
9%
Toni Polster
9%
Giancarlo Danova
7%
Giorgio Ferrini
7%
Müller
5%
Ruggiero Rizzitelli
5%
Benjamín Santos
4%
Denis Law
4%
Patricio Hernández
4%
Wim Kieft
4%
Alessandro Loris Bonesso
2%
Andrea Marzani
2%
Antonio Comi
2%
Dionisio Arce
2%
Franco Selvaggi
2%
Gerry Hitchens
2%
Giambattista Moschino
2%
Giancarlo Bacci
2%
Gino Armano
2%
Giorgio Bresciani
2%
Giovanni Bui
2%
Giuseppe Virgili
2%
Horst Buhtz
2%
Italo Mazzero
2%
José Florio
2%
Luigi Simoni
2%
Nestor Combin
2%
Peiró
2%
No matching quizzes found
Score Distribution
Percent of People with Each Score
Percentile by Number Answered
Your Score History
You have not taken this quiz since the last reset